Statistics for All territorial disputes in Europe

Click here to take the quiz!

General Stats

  • This quiz has been taken 61 times
    (53 since last reset)
  • The average score is 5 of 26

Answer Stats

CountriesDispute% Correct
Russia-UkraineCrimea
89%
United Kingdom-SpainGibraltar
80%
Russia-UkraineDonetsk
74%
Kosovo-SerbiaKosovo
67%
Russia-UkraineLuhansk
65%
Transnistria-MoldovaTransnistria
61%
Russia-UkraineKherson
41%
France-ItalyMont Blanc
17%
Russia-UkraineZaporizhzhia
15%
Portugal-SpainOlivenza
9%
Denmark-Iceland-Ireland
United Kingdom
Rockall
9%
Croatia-SerbiaVukovar
4%
Moldova-TransnistriaDubăsari
2%
Greece-TurkeyImia/Kardak
2%
Moldova-TransnistriaCopanca
0%
Croatia-SerbiaDanube river sections
0%
Slovenia-CroatiaDragonja river sections
0%
Bosnia and Herzegovina-SerbiaDrina river sections
0%
Russia-UkraineKinburn
0%
Croatia-MontenegroPrevlaka
0%
Croatia-SerbiaŠarengrad
0%
Serbia-Bosnia and HerzegovinaSastavci
0%
Croatia-Bosnia and HerzegovinaSastavci
0%
Ukraine-RussiaSnihurivka
0%
Slovenia-CroatiaSveta Gera
0%
Moldova-TransnistriaVarnita
0%

Score Distribution

Percentile by Number Answered

Percent of People with Each Score

Your Score History

You have not taken this quiz since the last reset